|
|
|
|
| LEADER |
00000cam a22000004a 4500 |
| 001 |
musev2_19992 |
| 003 |
MdBmJHUP |
| 005 |
20230905042136.0 |
| 006 |
m o d |
| 007 |
cr||||||||nn|n |
| 008 |
090122s2008 lau o 00 0 eng d |
| 020 |
|
|
|a 9780807134597
|
| 020 |
|
|
|z 9780807153116
|
| 020 |
|
|
|z 9780807133712
|
| 020 |
|
|
|z 9780807153123
|
| 035 |
|
|
|a (OCoLC)299039028
|
| 040 |
|
|
|a MdBmJHUP
|c MdBmJHUP
|
| 100 |
1 |
|
|a Cooper, William J.,
|c Jr.
|q (William James),
|d 1940-
|
| 245 |
1 |
0 |
|a Jefferson Davis and the Civil War Era /
|c William J. Cooper, Jr.
|
| 264 |
|
1 |
|a Baton Rouge :
|b Louisiana State University Press,
|c 2008.
|
| 264 |
|
3 |
|a Baltimore, Md. :
|b Project MUSE,
|c 2013
|
| 264 |
|
4 |
|c ©2008.
|
| 300 |
|
|
|a 1 online resource (144 pages):
|b ill. ;
|
| 336 |
|
|
|a text
|b txt
|2 rdacontent
|
| 337 |
|
|
|a computer
|b c
|2 rdamedia
|
| 338 |
|
|
|a online resource
|b cr
|2 rdacarrier
|
| 505 |
0 |
|
|a Jefferson Davis and the sudden disappearance of southern politics -- Jefferson Davis and the politics of secession -- Jefferson Davis and states' rights in the Confederacy -- Jefferson Davis and the politics of Confederate command -- Jefferson Davis and the political dimensions of Confederate strategy -- Jefferson Davis and the war in the west -- Jefferson Davis as war leader -- Jefferson Davis and the meaning of the war -- Jefferson Davis and two Montgomery inaugurals, 1861 and 1886.
|
| 588 |
|
|
|a Description based on print version record.
|
| 600 |
1 |
7 |
|a Davis, Jefferson,
|d 1808-1889.
|2 fast
|0 (OCoLC)fst00047383
|
| 600 |
1 |
0 |
|a Davis, Jefferson,
|d 1808-1889.
|
| 650 |
|
7 |
|a Statesmen.
|2 fast
|0 (OCoLC)fst01131990
|
| 650 |
|
7 |
|a Presidents.
|2 fast
|0 (OCoLC)fst01075723
|
| 650 |
|
7 |
|a Politics and government.
|2 fast
|0 (OCoLC)fst01919741
|
| 650 |
|
6 |
|a Presidents
|z États confederes d'Amerique
|v Biographies.
|
| 650 |
|
6 |
|a Hommes d'État
|z États-Unis
|v Biographies.
|
| 650 |
|
0 |
|a Presidents
|z Confederate States of America
|v Biography.
|
| 650 |
|
0 |
|a Statesmen
|z United States
|v Biography.
|
| 651 |
|
7 |
|a United States
|z Confederate States of America.
|2 fast
|0 (OCoLC)fst01205435
|
| 651 |
|
7 |
|a United States.
|2 fast
|0 (OCoLC)fst01204155
|
| 651 |
|
6 |
|a États-Unis
|x Histoire
|y 1861-1865 (Guerre de Secession)
|
| 651 |
|
6 |
|a États confederes d'Amerique
|x Politique et gouvernement.
|
| 651 |
|
0 |
|a United States
|x History
|y Civil War, 1861-1865.
|
| 651 |
|
0 |
|a Confederate States of America
|x Politics and government.
|
| 655 |
|
7 |
|a History.
|2 fast
|0 (OCoLC)fst01411628
|
| 655 |
|
7 |
|a Biographies.
|2 fast
|0 (OCoLC)fst01919896
|
| 655 |
|
7 |
|a Electronic books.
|2 local
|
| 710 |
2 |
|
|a NetLibrary, Inc.
|
| 710 |
2 |
|
|a Project Muse.
|e distributor
|
| 830 |
|
0 |
|a Book collections on Project MUSE.
|
| 856 |
4 |
0 |
|z Texto completo
|u https://projectmuse.uam.elogim.com/book/19992/
|
| 945 |
|
|
|a Project MUSE - Custom Collection
|
| 945 |
|
|
|a Project MUSE - 2013 History
|
| 945 |
|
|
|a Project MUSE - 2013 Complete
|